00793nam a22002412a 450000100060000000300080000600500170001400800410003103500510007204000370012304100080016008200220016810000220019024500690021225000150028126000380029630000200033450000780035460000580043265000150049083000130050583000330051832948BD-RjUL20211209051924.0140429s1957 ii b 001 0beng d aOCLC ocm16772102 from D951201Ma(BD-RjUL)33038 aORZcORZdNGUdEQOdBD-RjULbeng aeng a297.822bIVI 19571 aIvanow, Wladimir.10aIbn Al-Qaddah :b(the alleged founder of Ismailism) /cW Ivanow. a2d rev. ed aBombay :bIsmaili Society,c1957. a159 p. ;c22 cm aFirst ed. published in 1946 under title: The alleged founder of Ismailism10a'Abd Allāh ibn Maimūn,cal-Kaddāh,dd. 874-875? 0aIsmailites 0v., no. 9 0aSeries A (Ismaili Society) ;